BIBLIOTHÈQUE DE LA MAISON DU MEXIQUE

Logo 1 Logo 2

Manuel Crescencio Rejón (notice nᵒ 7005)

détails MARC
000 -Sello discográfico
campo de control de longitud fija 01074nam a2200289 4500
005 - Identificación de versión
campo de control 20251030090944.0
099 ## - fechas locales
Tipo de ítem Koha LIBRO
100 ## - Datos de procesamiento general
Datos de procesamiento general 20231129d1968 m y1spay5003 ba
105 ## - Campo de datos codificados: Material textual, monográfico
Datos codificados de monografía y 001zb
200 1# - Título y mención de responsabilidad
Título propio Manuel Crescencio Rejón
Designación general del material texto impreso
Otra información del título pensamiento político
Primer mención de responsabilidad prólogo, selección y notas Daniel Moreno
205 ## - Declaración de edición
Declaración de edición 1a ed
210 ## - Publicación, distribución, etc.
Lugar de publicación, distribución, etc. México
Nombre del editor, distribuidor, etc. Universidad Nacional Autónoma de México, Dirección General de Difusión Cultural
Fecha de publicación, distribución, etc. 1968
215 ## - Descripción física
Designación de material específico y extensión del ítem 200 p
Dimensiones 20 cm
345 ## - Nota de información de adquisición
Fuente de adquisición/dirección de la suscripción [OBSOLETO] Donación
410 #1 - Series
Título Biblioteca del Estudiante Universitario
Número de volumen 88
607 ## - Nombre geográfico utilizado como tema
Elemento de entrada México
Subdivisión temática Política y gobierno
Subdivisión cronológica 1821-1861
Subdivisión temática Alocuciones, ensayos y conferencias
Número Koha 5472
660 ## - Código de área geográfica
Código MX
700 ## - Nombre personal - Responsabilidad primaria
Elemento de entrada García Rejón
Parte del nombre distinta del elemento de entrada Manuel Crescencio
Adiciones a los nombres que no sean fechas Manuel Crescencio Rejón
Fechas 1799-1849
Número Koha 5471
702 ## - Nombre personal - Responsabilidad secundaria
Elemento de entrada Moreno Díaz
Parte del nombre distinta del elemento de entrada Daniel A
Fechas 1919-1994
Número Koha 5350
801 #0 - Fuente de origen
País FR
Agencia cm
Reglas de catalogación (convenciones descriptivas) AFNOR
900 ## -
-- 1/22565
900 ## -
-- 7100417642\080104
942 ## - ELEMENTOS DE ENTRADA SECUNDARIOS (KOHA)
Tipo de ítem Koha Livre
996 ## -
-- MEX
-- 751145101
-- MMAG
-- 009168
-- 082.1 B820 V.88
-- 20231129LIV
Exemplaires
Estatus retirado Estado de daño Estado de pérdida Fecha de adquisición Biblioteca de origen Biblioteca actual Ubicación en estantería Código de barras Precio de reemplazo Signatura topográfica completa No para préstamo Tipo de ítem Koha Nota pública Nota no pública
      05/08/2025 Casa México Paris Casa México Paris   009168 05/08/2025 082.1 B820 V.88   Livre 20231129LIV 751145101